000 00357nam a2200133Ia 4500
008 231129s1977||||xx |||||||||||||| ||spa||
020 _a84-7441-045-2
040 _bspa
082 _aR 645.2 M972
245 0 _aMuros suelos y techos : Los rincones de la casa
260 _c1977
264 _aPiesa
942 _2ddc
_cBKS
999 _c21505
_d21505